| 000 | 00000nam 2200000za 4500 |
| 001 | 9.674421 |
| 003 | CaOODSP |
| 005 | 20250120155954 |
| 007 | cr ||||||||||| |
| 008 | 150407|2005||||xxc|||||o f|0| 0 por d |
| 020 | |a0-662-02796-5 |
| 040 | |aCaOODSP|beng |
| 043 | |an-cn--- |
| 086 | 1 |aCD4-24/2005Por-PDF |
| 110 | 1 |aCanada.|bCanadian International Development Agency. |
| 245 | 12|a[A synthesis of Canada's cooperation strategy in Brazil 2005-2010] |h[electronic resource] |
| 246 | 1 |aUma Sintese da Estratégia da Cooperacâo Canadense no Brasil para o periodo de 2005 a 2010 |
| 250 | |a[Portuguese edition]. |
| 260 | |aOttawa - Ontario : |bCanadian International Development Agency |cc2005. |
| 300 | |a15p.|bmap, photographs |
| 500 | |aIssued also in English under title: A synthesis of Canada's cooperation strategy in Brazil 2005-2010. |
| 546 | |aText in Portuguese. |
| 590 | |a12-09-Supp|b2012-03-21 |
| 775 | 08|tA synthesis of Canada's cooperation strategy in Brazil 2005-2010 |w(CaOODSP)9.687570 |
| 792 | |t[Document de synthèse - stratégie de coopération canadienne au Brésil 2005-2010] |efre|w(CaOODSP)9.674422 |
| 856 | 40|ahttp://publications.gc.ca|qPDF|s959 KB|uhttps://publications.gc.ca/collections/collection_2009/acdi-cida/CD4-24-2005Por.pdf |